[Event "BRA CEAX op 3rd"]
[Site "Vitoria"]
[Date "2003.08.17"]
[Round "5"]
[White "Oliveira, Aaron"]
[Black "Faustino, E."]
[Result "1-0"]
[WhiteElo "1824"]
[BlackElo "1800"]
[PlyCount "103"]
[EventDate "2003.08.??"]
[EventType "swiss"]
[EventRounds "6"]
[EventCountry "BRA"]
[SourceTitle "EXT 2006"]
[Source "ChessBase"]
[SourceDate "2005.11.24"]
[SourceVersion "1"]
[SourceVersionDate "2005.11.24"]
[SourceQuality "1"]

1. Nf3 d5 2. c4 Nf6 3. g3 g6 4. b3 Bg7 5. Bb2 0-0 6. Bg2 Nc6 7. 0-0 Re8 8. d4 Nh5 9. cxd5 Qxd5 10. Ne5 Qe6 11. Nxc6 bxc6 12. Qc2 Bb7 13. Na3 Rac8 14. Rad1 Red8 15. Nc4 Ba6 16. e4 Qd7 17. Rfe1 e6 18. Ne5 Qe8 19. Nxc6 Rd6 20. e5 Rd7 21. Nxa7 Ra8 22. Bxa8 Qxa8 23. Qc6 Qxc6 24. Nxc6 Bb7 25. Na5 Ba6 26. Nc4 Bf8 27. Ne3 Bb4 28. Ng2 Bxe1 29. Rxe1 c6 30. g4 Ng7 31. Rc1 Bb7 32. Nf4 Ne8 33. Ne2 Nc7 34. a4 g5 35. Ng3 Nd5 36. Ne4 Kg7 37. Rd1 h6 38. Ba3 Kg6 39. Nd6 Nc3 40. Rd2 Nb1 41. Ra2 Nxa3 42. Rxa3 Ba6 43. b4 Rc7 44. h3 f6 45. exf6 Rd7 46. f7 Kg7 47. b5 Rxd6 48. bxa6 Kxf7 49. Rb3 c5 50. a7 Ra6 51. Rb7+ Kf6 52. dxc5 1-0

[Event "BRA CEAX op 3rd"]
[Site "Vitoria"]
[Date "2003.08.16"]
[Round "4"]
[White "Nunes, Jose BL"]
[Black "Faustino, E."]
[Result "1-0"]
[WhiteElo "1815"]
[BlackElo "1800"]
[PlyCount "137"]
[EventDate "2003.08.??"]
[EventType "swiss"]
[EventRounds "6"]
[EventCountry "BRA"]
[SourceTitle "EXT 2006"]
[Source "ChessBase"]
[SourceDate "2005.11.24"]
[SourceVersion "1"]
[SourceVersionDate "2005.11.24"]
[SourceQuality "1"]

1. e4 c5 2. Nc3 Nc6 3. Nf3 d6 4. Bb5 Qb6 5. Bxc6+ Qxc6 6. d3 Bg4 7. 0-0 Nf6 8. Be3 e6 9. Re1 Be7 10. h3 Bh5 11. g4 Bg6 12. a4 0-0 13. Bf4 d5 14. exd5 Nxd5 15. Nxd5 Qxd5 16. Ne5 Bh4 17. Qe2 Qd4 18. Nf3 Qxf4 19. Nxh4 Rae8 20. Qe5 Qd4 21. Nf3 Qb4 22. b3 f6 23. Qd6 Bf7 24. Re2 Rd8 25. Qg3 e5 26. Rae1 a5 27. g5 Bh5 28. Re4 Qb6 29. gxf6 Qxf6 30. Nxe5 Bf3 31. Nxf3 Qxf3 32. Qxf3 Rxf3 33. Kg2 Rdf8 34. R1e2 g6 35. Re7 b6 36. R7e6 R3f6 37. Rxf6 Rxf6 38. Re7 h5 39. h4 Kf8 40. Re4 Kf7 41. Kg3 Rf5 42. Rf4 Ke6 43. Rxf5 Kxf5 44. f4 Ke6 45. c4 Kd6 46. Kf3 Kc6 47. Ke4 Kd6 48. f5 gxf5+ 49. Kxf5 Ke7 50. Kg5 Ke6 51. Kf4 Kd6 52. Ke4 Ke6 53. d4 cxd4 54. Kxd4 Kd6 55. Kd3 Ke5 56. Ke3 Kf5 57. Kf3 Kg6 58. Kf4 Kf6 59. Ke4 Ke6 60. Kd4 Kd6 61. Kc3 Ke5 62. b4 Kd6 63. b5 Kc5 64. Kd3 Kb4 65. Kd4 Kxa4 66. Kc3 Ka3 67. c5 bxc5 68. b6 a4 69. b7 1-0

[Event "BRA CEAX op 3rd"]
[Site "Vitoria"]
[Date "2003.08.15"]
[Round "1"]
[White "Faustino, E."]
[Black "Luz, Jose Stenio Ferreir"]
[Result "0-1"]
[WhiteElo "1800"]
[BlackElo "1847"]
[PlyCount "110"]
[EventDate "2003.08.??"]
[EventType "swiss"]
[EventRounds "6"]
[EventCountry "BRA"]
[SourceTitle "EXT 2006"]
[Source "ChessBase"]
[SourceDate "2005.11.24"]
[SourceVersion "1"]
[SourceVersionDate "2005.11.24"]
[SourceQuality "1"]

1. d4 d5 2. e3 Nf6 3. Nf3 Bg4 4. c4 h6 5. Nc3 c6 6. Be2 Bxf3 7. Bxf3 dxc4 8. Qa4 e6 9. 0-0 Nd5 10. Qxc4 Be7 11. e4 Nb6 12. Qd3 0-0 13. Be3 N8d7 14. Bd1 Ne5 15. Qe2 Nec4 16. Bb3 Nxe3 17. Qxe3 Rc8 18. Rad1 Qc7 19. Ne2 Bg5 20. f4 Be7 21. Kh1 c5 22. d5 exd5 23. exd5 Qd6 24. Qe4 Nd7 25. Ng3 Nf6 26. Qf3 g6 27. f5 g5 28. Ne4 Nxe4 29. Qxe4 Bf6 30. Qe2 Rfe8 31. Qf2 Re5 32. Bc4 a6 33. a4 Rce8 34. Qg3 Qd7 35. b3 Rxf5 36. Rxf5 Qxf5 37. Qc7 Qc8 38. Qb6 Bd4 39. Qxh6 Qf5 40. Rf1 Qe5 41. d6 Rf8 42. Qg6+ Qg7 43. Qxg7+ Kxg7 44. Rxf7+ Rxf7 45. Bxf7 Kxf7 46. d7 Ke7 47. d8Q+ Kxd8 48. g4 b5 49. Kg2 bxa4 50. bxa4 c4 51. Kf3 Kc7 52. Ke2 Kb6 53. Kd2 Ka5 54. Kc2 Kxa4 55. Kd2 Kb4 0-1